LEADER 01456nam a2200349 a 4500 001 000000126875 003 CaOOAMICUS 005 20111108101333.0 008 111108s2003 it u000 u ita r 020 $a88-430-2675-5 040 $aPUL$bita 041 1 $aita$hger 082 04$a035 100 1 $aKienzler, Klaus.$0(OLS)http://pul/name/41712 240 10$aReligiöse Fundamentalismus.$lItaliano.$0(OLS)http://pul/title/160278 245 10$aFondamentalismi religiosi :$bcristianesimo, ebraismo, islam /$cKlaus Kienzler. 260 $aRoma :$bCarocci,$c©2003. 300 $a151 p. ;$c22 cm. 490 1 $aQuality paperbacks ;$v90 500 $aTraduzione di Elisa Freschi. 504 $aContiene riferimenti bibliografici ed indice. 650 14$aFondamentalismo.$0(OLS)http://pul/subject/28277 700 1 $aFreschi, Elisa.$0(OLS)http://pul/name/80952 830 0$aQuality paperbacks (Carocci) ;$v90.$0(OLS)http://pul/title/103487 850 $aPUL 852 $aPUL$W1$xDP2 Cons. Gen., Altre Classi 3$y97$m035 COLL 1.90$j146701$b $qDDC 21$B145399$CPULBib$Z2$F145399 $H116191 $81 941 1 $a9 996 $6020$a88-430-2675-5$9(OLS)http://pul/number/148425 996 $6082$a035$9(OLS)http://pul/classification/471 996 $6245$aFondamentalismi religiosi :$bcristianesimo, ebraismo, islam$9(OLS)http://pul/title/160279 996 $6260$aRoma :$bCarocci$9(OLS)http://pul/publisher/66917 LEADER 01415nam a2200313 a 4500 001 000000176437 003 CaOOAMICUS 005 20240109102121.0 008 240109s2020 vc u000 0 ita r 020 $a978-88-209-0483-1* 032 $aLibriCat 040 $aPUL$bita 082 04$a262.9 245 00$aDiritto canonico e Diritto di famiglia statuale :$binterazioni e nuove problematiche /. 260 $aCittà del Vaticano :$bLibreria editrice vaticana,$c2020. 300 $a479 p. ;$c24 cm 490 1 $aAnnales doctrinae et iurisprudentiae canonicae ;$v10 500 $aContributi di vari autori. 504 $aBibliografia in nota. 650 04$aMatrimonio (diritto processuale canonico).$0(OLS)http://pul/subject/36330 830 0$aAnnales doctrinae et iurisprudentiae canonicae (LEV) ;$v10.$0(OLS)http://pul/title/192783 850 $aPUL 852 $aPUL$W1$xSL Diritto Canonico 3$y77$m262. 9 COLL 10.10$j200503$qDDC 21$B205380$CPULBib$Z2$F205380 $H136730 $82 941 1 $a9 996 $6020$a978-88-209-0483-1*$9(OLS)http://pul/number/169489 996 $6082$a262.9$9(OLS)http://pul/classification/369 996 $6245$aDiritto canonico e Diritto di famiglia statuale :$binterazioni e nuove problematiche$9(OLS)http://pul/title/217930 996 $6260$aCittà del Vaticano :$bLibreria editrice vaticana$9(OLS)http://pul/publisher/47920